000 00680nam a2200169Ia 4500
008 240729s9999 xx 000 0 und d
022 _a1882-3416
245 0 _aHydrological Research Letters
260 _aJapan
260 _bJapan Society of Hydrology and Water Resources (JSHWR), Japanese Association of Groundwater Hydrology (JAGH), Japanese Association of Hydrological Sciences (JAHS), and Japanese Society of Physical Hydrology (JSPH)
650 _a Hydraulic engineering
650 _a River, lake, and water-supply engineering (General)
650 _aTechnology
856 _uhttps://doaj.org/toc/30c8ddf436474fdaa2d8fd3fe34c27fe
942 _2ddc
942 _cDOAJEJ
999 _c70137
_d70137
945 _a1
_bMadushi Gamage
_c1
_dMadushi Gamage